000 00489nam a2200181Ia 4500
003 GCL
008 140319s9999 xx 000 0 eng d
040 _aGCL /
_cGCL
082 0 4 _a808.883
_bA V
100 1 _aATTALI, JACQUES
245 1 0 _aVERBATIM II: CHRONIQUE DES ANNEES 1981-1986 (DEUXIEME PARTIE: 1983-1986) /
_cATTALI, JACQUES
260 _a[S.N] :
_bFAYARD ،
_c1993
300 _a1423 P
650 0 4 _aLITERATURE
650 0 4 _aVERBATIM
650 0 4 _aJOURNALS
942 _2ddc
_cBK
999 _c24923
_d24923